• 首页
  • 本馆介绍
  • 公告通知
  • 最新文献
  • 馆藏检索
  • 电子资源
  • 读者导购
  • 参考咨询
  • 我的图书馆
  • 登录
  • 详细信息显示
  • 放入我的书架
  • 预约/预借图书
  • 作者相关作品
  • 分类相关作品
  • 丛书相关作品
  • 出版社相关作品

书目信息

  • 表格格式
  • 工作单格式
  • 卡片格式
题名:
农村经济管理论纲
    
 
作者: 王瑞璞 , 王利华 著
分册:  
出版信息: 北京   中共中央党校函授学院  1992
页数: 177页
开本: 20cm
丛书名:
单 册:
中图分类: F322
科图分类:
主题词: 农业经济--中国
电子资源:
ISBN:
000 00617nam0 2200217 450
001 0759878519
005 20070804173530.95
010    @d[不详]
100    @a20070803d1992 km y0chiy0120 ea
101 0  @achi
102    @aCN@b110000
200 1  @a农村经济管理论纲@Anong cun jing ji guan li lun gang@f王瑞璞,王利华著@Fwang rui pu,wang li hua zhu
205    @a修订本
210    @a北京@c中共中央党校函授学院@d1992
215    @a177页@d20cm
606 0  @a农业经济@x中国
690    @aF322@v3
701  0 @a王瑞璞@Awang rui pu@4著
701  0 @a王利华@Awang li hua@4著
801  0 @aCN@bPFT@c20070804
905    @a10447@dF322@e90
    
    农村经济管理论纲/王瑞璞,王利华著.-修订本.-北京:中共中央党校函授学院,1992
    177页;20cm
    
    
    ISBN :[不详]
    
●
相关链接 在E读中查询图书 在五车中查询图书 在当当中查询图书 在豆瓣中查询图书


正题名:农村经济管理论纲     索取号:F322/90         预约/预借

序号 登录号 条形码 馆藏地/架位号 状态 备注
1 0791568   207915684   第一样本阅览室/ [索取号:F322/90] 在馆    
唐山师范学院图书馆 欢迎您!
大连网信软件有限公司© 版权所有